| 000 | 00636 a2200205 4500 | ||
|---|---|---|---|
| 003 | OSt | ||
| 005 | 20180116182712.0 | ||
| 008 | 160427b xxu||||| |||| 00| 0 eng d | ||
| 020 | _a0 | ||
| 040 | _c0 | ||
| 082 | _a338.954 GOV 2002 | ||
| 100 | _aGovernement of Pakistan | ||
| 110 | _aGovernement of Pakistan | ||
| 245 |
_aJamal's Yellow Pages of Pakistan 2002 _cGovernement of Pakistan _bIndustrial/ Commercial Guide |
||
| 250 |
_a23rd _bVol. 2 (F to P) |
||
| 260 |
_aKarachi, Pakistan _bU.S. Publishers _c2002 |
||
| 300 |
_a680p. _bpb |
||
| 440 | _aJamal's Yellow Pages of Pakistan 2002 | ||
| 942 |
_aNBS _cBK _k338.954 GOV 2002 _2ddc |
||
| 999 |
_c344437 _d344437 |
||